Military Museum Collection (Record no. 34154)
[ view plain ]
| 000 -LEADER | |
|---|---|
| fixed length control field | 00291nam a22001217a 4500 |
| 082 ## - DEWEY DECIMAL CLASSIFICATION NUMBER | |
| Classification number | 351 |
| 100 ## - MAIN ENTRY--PERSONAL NAME | |
| Personal name | Tekeli, Sadik |
| 245 ## - TITLE STATEMENT | |
| Title | Military Museum Collection |
| 260 ## - PUBLICATION, DISTRIBUTION, ETC. | |
| Place of publication, distribution, etc. | Istanbul : |
| Name of publisher, distributor, etc. | Turkish Military Museum Collection, |
| 300 ## - PHYSICAL DESCRIPTION | |
| Extent | 239 p. ; |
| Other physical details | 21 cm. |
| 500 ## - GENERAL NOTE | |
| General note | Paperback. |
| 942 ## - ADDED ENTRY ELEMENTS (KOHA) | |
| Koha item type | Book |
| Withdrawn status | Lost status | Source of classification or shelving scheme | Damaged status | Not for loan | Permanent Location | Current Location | Shelving location | Date acquired | Full call number | Barcode | Date last seen | Price effective from | Koha item type |
|---|---|---|---|---|---|---|---|---|---|---|---|---|---|
| School of Mechanical & Manufacturing Engineering (SMME) | School of Mechanical & Manufacturing Engineering (SMME) | Book Bank | 07/28/2016 | 351 | SMME-BB52 | 04/02/2018 | 07/28/2016 | Book |
